000 00759nam a2200241Ia 4500
003 OSt
005 20260122160521.0
008 220923b |||||||| |||| 00| 0 eng d
020 _a0521411696
037 _cGeneral Book
040 _aRTL
_cRTL
_beng
041 _2eng
_aeng
084 _aY:434.5.N3, N4
_qRTL
100 _a Jutte Robert
_9315958
245 0 _aPoverty and deviance in early modern Europe
260 _aNew York
_bCambridge University Press
_c1994
300 _axvi, 239 p.
_bIncludes bibliographical references and index.
490 _aNew Approaches to European History
500 _aBibliography: P 217-28
650 _aPoverty
_91104623
942 _hY:434.5.N3, N4
_cGB
_2CC
_n0
999 _c622288
_d622288